000 00527nam a2200205 a 4500
005 20210219153410.0
008 991125n 000 0 spa u
035 _aUPN01000096786
100 _aBWLTRAN LLAVADOR, Francisco
222 _aREVISTA DE EDUCACION
245 _aLa reforma del currículo
300 _a193-207
362 _a1992 NUMERO EXTRAORDINARIO
653 0 _aDESARROLLO CURRICULAR
653 0 _aESPAÑA
653 0 _aLGE
653 0 _aREFORMA CURRICULAR
904 _aAC
_b034597
905 _aArticulo
999 _c75925
_d75925